000 00303nam a22001337a 4500
008 180914b xxu||||| |||| 00| 0 eng d
020 _a9780632043392
041 _aeng
080 _a612.39
100 _a10
101 _aNUT
245 _aMedical Nutrition Dasease
_cMorrison.G
942 _2udc
_cBK
999 _c47751
_d47751